00304nam a22000857a 4500082001300000245014300013260003200156300002100188563000900209 a378bINT a2011 International President forum on Global Research Universities:bborderless and creative Education /cEdited by Nam Suh & Yong-Taek Im aKorea :bKAIT Press,c2011. a202 p. ;c26 cm. aHBK.